000 00648nam a2200181 i 4500
001 187177
003 SpMaBN
005 20250809233453.0
008 170427s1924 sp |||| |dspa d
080 _a84-4"19"
100 1 _aLoti, Pierre.
_974298
245 1 0 _aFiguras y cosas que pasaron /
_cPierre Loti ; traducción de la XXXII edición francesa por Vicente Díez de Tejada.
260 _aBarcelona :
_bCervantes,
_c1924.
300 _a253 p. ;
_c19 cm.
700 1 _aDíez de Tejada, Vicente,
_d1872-1940
_944715
852 _aES-MaACL
_jL-31511
_z. - Donat. herederos de la bibl. de Mª del Pilar Costa Palacín
999 _c187177
_d187177